000
00313nam a2200133Ia 4500
008
240624s9999 xx 000 0 und d
041
_a
eng
082
_a
823 KAN
100
_a
KANIGEL ROBERT
245
_a
MAN WHO KNEW INFINITY
260
_c
1991
_a
London
_b
Abacus
300
_a
438 : p. : cm. ; 22
365
_c
RS
999
_c
21050
_d
21050